Dificultades del español
Wedi'i Gadw mewn:
| Prif Awduron: | , |
|---|---|
| Fformat: | Llyfr |
| Iaith: | Sbaeneg |
| Cyhoeddwyd: |
Barcelona
Ariel
1995
|
| Cyfres: | Ariel Lenguas Modernas
|
| Pynciau: | |
| Tagiau: |
Ychwanegu Tag
Dim Tagiau, Byddwch y cyntaf i dagio'r cofnod hwn!
|
MARC
| LEADER | 00000nam a2200000 a 4500 | ||
|---|---|---|---|
| 001 | UCS4116 | ||
| 003 | CL-VaPUC | ||
| 008 | 970725e19950000SP |||||||||||||||||spa|d | ||
| 082 | 0 | 4 | |a 468 |b ORT |2 21 |
| 100 | |a Ortega Ojeda, Gonzalo |e autor |9 390214 | ||
| 700 | 0 | |a Rochel, Guy |e author |9 390215 | |
| 245 | 1 | 0 | |a Dificultades del español |
| 300 | |a 187 p | ||
| 942 | |c BK | ||
| 945 | |d 19970725 00:00:00 |a jquezada | ||
| 260 | |a Barcelona |b Ariel |c 1995 | ||
| 650 | 0 | |a Español |9 255372 | |
| 650 | 0 | |a Lingüística |9 265068 | |
| 650 | 0 | |a Comunicación oral |9 307769 | |
| 650 | 7 | |a TERMINOLOGIA |2 CL-VaPUC |9 254881 | |
| 650 | 0 | |a Gramática |9 270497 | |
| 650 | 0 | |a Sintaxis |9 318843 | |
| 650 | 7 | |a GENTILICIOS |2 CL-VaPUC |9 353446 | |
| 583 | |a last modification |c 19970725 00:00:00 |k Rodrigo Vera | ||
| 490 | 0 | |a Ariel Lenguas Modernas | |
| 999 | |c 261449 |d 261447 | ||
| 952 | |0 0 |1 0 |4 0 |6 468_000000000000000_ORT_1995 |7 0 |8 A |9 288886 |a BIBEDU |b BIBEDU |d 2019-11-19 |i 3336905 |o 468 ORT 1995 |p 3336905 |r 2019-11-19 |w 2019-11-19 |y BK |k LIT | ||